Mega superstar best hits [ karaoke volume 1

Bibliographic Details
Format: Book
Published: Kuala Lumpur : Serasi Music Sdn Bhd , 19-
Subjects:

MARC

LEADER 00000cam a2200000 7i4500
001 0000042009
005 20010111.0
090 0 0 |a MUZ   |b MEG 
245 0 0 |a Mega superstar best hits [  |h cd music] :   |b karaoke volume 1 
260 |a Kuala Lumpur :   |b Serasi Music Sdn Bhd ,   |c 19- 
300 |a 1 CD music (45 minutes) :   |b col 
500 |a Library has vol.1-5 
650 0 0 |a Mega superstar best hits 
999 |a AV 01341   |b CD MUSIC   |c PINJAMAN   |e PERPUSTAKAAN KOMUNITI PETALING JAYA